Escudos de Clubes Brasileiros de Futebol #1 - Statistics

Estatísticas Gerais
  • Esse quiz foi jogado 93 620 vezes
  • A pontuação média é 17 de 20
Estatísticas das Respostas
Imagem Resposta % Correto
Palmeiras
99%
São Paulo
99%
Santos
97%
Botafogo
96%
Cruzeiro
96%
Grêmio
95%
Atlético Mineiro
91%
Sport Recife
91%
Flamengo
90%
Athletico Paranaense
89%
Cuiabá
89%
Fortaleza
88%
Criciúma
85%
Chapecoense
81%
Ceará
80%
Coritiba
80%
Portuguesa
78%
Paysandu
73%
Santa Cruz
69%
Londrina
67%
Nenhum quiz correspondente encontrado
Distribuição das Pontuações
Porcentagem de Pessoas com Cada Pontuação
Percentil de Números Respondidos
Sua Pontuação Histórica
Você não jogou esse quiz